000 01039nam0a22002291i 4500
001 rc\3529130
005 20240726105503.0
021 _aRU
_b[72-2192а]
035 _a(NLR Aleph) 007627398
090 _a5986294
_c5986294
100 _a20130115d1972 |||y0rusy50 ca
101 0 _arus
102 _aRU
105 _ay d |||||
200 1 _aРазработка методов анализа и оптимизации технологических решений при проектировании производства железобетонных изделий
_e(На примере кассетного производства в условиях НРБ)
_eАвтореф. дис. на соискание учен. степени канд. техн. наук
_e(484)
_fМоск. инж.-строит. ин-т им. В.В. Куйбышева
210 _aМосква
_d1972
215 _a12 с.
700 1 _aВелев
_bБ.Г.
801 0 _aRU
_bNLR
_gpsbo
801 1 _aRU
_bELAR
_2rusmarc
852 _aNLR
_j72-4/25019
942 _cBOOK